000 00937nas a2200301 4500
001 BR0300640
003 BR-BrBNA
005 20231205103548.0
007 ta
008 230509b bl.|||p| |||| 00| 00por d
040 _aBR-BrBNA
_bpor
_cBiblioteca Nacional de Agricultura
041 _a(Pt)
072 _aL01; Q02
100 1 _aAntunes, R.C.
100 1 _aPita, F.V. da C.
100 1 _aFranco, M.M.
100 1 _aGoulart Filho, E.L.R.
245 1 _aA influência da composição racial da linha materna e do genótipo hal sobre a qualidade da carne em suínos abatidos entre 90 e 110kg de peso vivo
650 _aSUÍNO
650 _aCARCAÇA
650 _aCARNE
650 _aQUALIDADE
650 _aGENÓTIPO
650 _aMÉTODO ESTATÍSTICO
773 0 _tArs Veterinária (Brazil)
_xISSN 0102-6380
_g(Apr 2002), v. 18(1) p. 33-42
_wBR0300640
909 _a202311
_bLúcia
_c55
_dLúcia Elande
942 _2AGRIS
_n0
_cANA
999 _c173526
_d173526